Statistiques concernant Films traduits par Reverso

Cliquez ici pour prendre le quiz!

Statistiques générales

  • Ce quiz a été pris 2 031 fois
  • Le résultat moyen est 27 sur 50

Statistiques - réponses

Film traduitFilm% Correct
Guerre des étoilesStar Wars
93%
InterstellaireInterstellar
92%
Amis sexuelsSex Friends
90%
Club de combatFight Club
89%
Histoire de jouetToy Story
89%
Mur-EWall-E
87%
Rapide et furieuxFast and Furious
86%
Parc JurassiqueJurassic Park
85%
X-HommesX-Men
84%
VoituresCars
83%
TransformateursTransformers
83%
Cygne noirBlack Swan
82%
Le spectacle de TrumanThe Truman Show
82%
Homme de fourmiAnt-man
80%
Homme de pluieRain Man
78%
Jeux de faimHunger Games
77%
Hommes dans noirMen in Black
77%
Homme de ferIron Man
74%
12 Ans un esclave12 Years a Slave
68%
Très mauvais voyageVery Bad Trip
65%
Chiens de réservoirReservoir Dogs
62%
PrisTaken
60%
Mourez durementDie Hard
57%
Histoire américaine XAmerican History X
55%
Bonjour l'AngleterreGood Morning England
53%
Dans la natureInto the Wild
52%
Suspects habituelsUsual Suspects
52%
Les frères de bluesThe Blues Brothers
50%
ScieSaw
49%
Voyage AméricainAmerican Trip
45%
VengeursAvengers
45%
Veste métallique pleineFull Metal Jacket
44%
Pause de pointPoint Break
38%
BalafréScarface
38%
Fantôme dans la coquilleGhost in the Shell
37%
Île de voletShutter Island
37%
Ville de péchéSin City
37%
Shaun des mortsShaun of the Dead
35%
Les hausses de chevalier sombreThe Dark Knight rises
33%
Peu de soleil de MademoiselleLittle Miss Sunshine
27%
Seigneur de guerreLord of War
27%
Bord de demainEdge of Tomorrow
26%
Randonnée d'étoileStar Trek
21%
Les équipes de New YorkGangs of New York
17%
Mèche de JohnJohn Wick
17%
Observation de trainsTrainspotting
17%
On a rien sans rienNo Pain No Gain
11%
Romans à sensationPulp Fiction
4%
EnferUnderworld
1%
SuperKick-ass
0%

Distribution des résultats

Percentile par nombre de réponses

% des personnes avec chaque résultat

Votre développement - résultats

Vous n’avez pas pris ce quiz